Memorias de la Revolución de México, y de la expedición del general D. Francisco Javier Mina (Record no. 194)
[ view plain ]
| 000 -CABECERA | |
|---|---|
| campo de control de longitud fija | 01284nam a2200265 a 4500 |
| 001 - NÚMERO DE CONTROL | |
| campo de control | BRCA_237 |
| 005 - FECHA Y HORA DE LA ÚLTIMA TRANSACCIÓN | |
| campo de control | 20190320202930.0 |
| 008 - DATOS DE LONGITUD FIJA--INFORMACIÓN GENERAL | |
| campo de control de longitud fija | 880711r19871824mx-a---###---#001-0bspa-d |
| 040 ## - FUENTE DE LA CATALOGACIÓN | |
| Centro catalogador/agencia de origen | DLC |
| Centro/agencia transcriptor | DLC |
| Centro/agencia modificador | DLC |
| 041 ## - CÓDIGO DE LENGUA | |
| Código de lengua del texto/banda sonora o título independiente | spaeng |
| 050 #4 - SIGNATURA TOPOGRÁFICA DE LA BIBLIOTECA DEL CONGRESO | |
| Número de clasificación | F1226 |
| Número de documento/Ítem | .B53 1987 |
| 100 1# - ENTRADA PRINCIPAL--NOMBRE DE PERSONA | |
| Nombre de persona | Robinson, William Davis |
| 9 (RLIN) | 826 |
| 245 10 - MENCIÓN DE TÍTULO | |
| Título | Memorias de la Revolución de México, y de la expedición del general D. Francisco Javier Mina |
| Mención de responsabilidad, etc. | William Davis Robinson ; presentación Francisco de Antuñano Maurer. |
| 260 ## - PUBLICACIÓN, DISTRIBUCIÓN, ETC. | |
| Lugar de publicación, distribución, etc. | México |
| Nombre del editor, distribuidor, etc. | Biblioteca Mexicana de la Fundación Miguel Alemán |
| Fecha de publicación, distribución, etc. | 1987 |
| 300 ## - DESCRIPCIÓN FÍSICA | |
| Extensión | 17, liv, 335 p. |
| Otras características físicas | il. [1] p. de láminas |
| Dimensiones | 22 cm. |
| 500 ## - NOTA GENERAL | |
| Nota general | Facsímil de: Memorias de la Revolución de Megico y de la espedición del General D. Francisco Javier Mina, Londres, Rudolph Ackerman, 1824 |
| 500 ## - NOTA GENERAL | |
| Nota general | Traducción de: Memories of the Mexican Revolution including a Narrative of the Expedition of General Xavier Mina, Londres, 1821 |
| 500 ## - NOTA GENERAL | |
| Nota general | Incluye índice alfabético ´de las cosas notables´ |
| 600 14 - PUNTO DE ACCESO ADICIONAL DE MATERIA--NOMBRE DE PERSONA | |
| Nombre de persona | Mina, Francisco Javier |
| Fechas asociadas al nombre | 1789-1817 |
| 9 (RLIN) | 827 |
| 650 14 - PUNTO DE ACCESO ADICIONAL DE MATERIA--TÉRMINO DE MATERIA | |
| Término de materia o nombre geográfico como elemento de entrada | Generales |
| Subdivisión general | Biografía |
| Subdivisión geográfica | México |
| 9 (RLIN) | 828 |
| 650 14 - PUNTO DE ACCESO ADICIONAL DE MATERIA--TÉRMINO DE MATERIA | |
| Término de materia o nombre geográfico como elemento de entrada | Canales marítimos |
| 9 (RLIN) | 829 |
| 651 #4 - PUNTO DE ACCESO ADICIONAL DE MATERIA--NOMBRE GEOGRÁFICO | |
| Nombre geográfico | México |
| Subdivisión general | Historia |
| Subdivisión cronológica | Guerra de Independencia, 1810-1821 |
| 9 (RLIN) | 830 |
| 700 1# - PUNTO DE ACCESO ADICIONAL--NOMBRE DE PERSONA | |
| Nombre de persona | Antuñano Maurer, Francisco de |
| 9 (RLIN) | 831 |
| 942 ## - ELEMENTOS DE PUNTO DE ACCESO ADICIONAL (KOHA) | |
| Fuente del sistema de clasificación o colocación | Library of Congress Classification |
| Tipo de ítem Koha | Libros |
| Estado de retiro | Estado de pérdida | Estado dañado | No para préstamo | Localización permanente | Ubicación/localización actual | Fecha de adquisición | Total de préstamos | Signatura topográfica completa | Código de barras | Fecha visto por última vez | Precio válido a partir de | Tipo de ítem Koha |
|---|---|---|---|---|---|---|---|---|---|---|---|---|
| El ejemplar forma parte de la colección y puede ser consultado según las políticas vigentes. | Biblioteca del Museo Franz Mayer (Rogerio Casas-Alatriste) | Biblioteca del Museo Franz Mayer (Rogerio Casas-Alatriste) | 25/06/2008 | F1226 .B53 1987 | 00300 | 22/03/2019 | 22/03/2019 | Libros |